| 000 | 00438nam a22001697a 4500 | ||
|---|---|---|---|
| 003 | OSt | ||
| 005 | 20180116183020.0 | ||
| 008 | 151109b xxu||||| |||| 00| 0 eng d | ||
| 020 | _a9788121923002 | ||
| 040 | _c0 | ||
| 082 | _a658.5 KHA 2014 | ||
| 100 | _aDr.S.S. Khanka | ||
| 245 |
_aHuman Resource Management _bText and Cases _cDr.S.S. Khanka |
||
| 440 | _aHuman Resource Management | ||
| 600 | _aDr.S.S. Khanka | ||
| 942 |
_2ddc _cBK |
||
| 999 |
_c350532 _d350532 |
||